Literae apostolicae diversorum romanorum pontificam pro officio Sanctissimae Inquisitionis ab Innoc. III Pont. Max. usque ad haec tempura

Detalles Bibliográficos
Formato: Libro
Lenguaje:Undetermined
Latin
Publicado: Romae : in aedibus Populi Romani, 1579.
Materias:
Colección:Banco de datos
Acervo:Biblioteca Palafoxiana. Colección bibliográfica
Descripción Física:[8], 164, [12] p. ; f.
Tema general:Inquisición
Notas:Marca de fuego: Colegio de San Juan. Número de localización: 11036-B
LEADER 00658nam a2200169Ia 4500
008 150723s9999 xx 000 0 und d
041 0 |a lat 
050 0 |a PAFX BX1710 A9 
245 1 0 |a Literae apostolicae diversorum romanorum pontificam pro officio Sanctissimae Inquisitionis ab Innoc. III Pont. Max. usque ad haec tempura 
260 |a Romae : in aedibus Populi Romani, 1579. 
300 |a [8], 164, [12] p. ; f. 
500 |a Marca de fuego: Colegio de San Juan. Número de localización: 11036-B 
501 |a Encuadernado con 1 obra 
650 1 0 |a Inquisición 
942 |c PALALIB 
943 |g Biblioteca Palafoxiana. Colección bibliográfica 
999 |c 1054846  |d 1054846